[Event "40th Olympiad Open"]
[Site "Istanbul TUR"]
[Date "2012.08.30"]
[Round "3.65"]
[Board "4"]
[White "Knight, Timothy"]
[Black "Shiau, Suen-Wen"]
[Result "1/2-1/2"]
[WhiteElo "1801"]
[BlackElo "1788"]
[WhiteTeam "Guernsey"]
[BlackTeam "Chinese Taipei"]
[WhiteFideId "10700064"]
[BlackFideId "16300211"]
[EventDate "2012.08.28"]

1. b4 e5 2. Bb2 d6 3. e3 Nf6 4. c4 Be7 5. d4 e4 6. Nc3 d5 7. c5 c6 8. a4 a6 9.
Qc2 Bf5 10. a5 Bg6 11. O-O-O Nbd7 12. Nge2 h6 13. Nf4 Bh7 14. Be2 Qc7 15. g4 g5
16. Ng2 O-O-O 17. h4 Bg6 18. Rh3 Rdf8 19. hxg5 hxg5 20. Rdh1 Qd8 21. Qd1 Rxh3
22. Rxh3 Rh8 23. Qh1 Rxh3 24. Qxh3 Qg8 25. Ne1 Qh7 26. Qxh7 Bxh7 27. Nc2 Bd8 28.
Kd1 Nf8 29. Ne1 Ne6 30. Nc2 Bc7 31. Ke1 Kd7 32. Kf1 Ke7 33. Kg2 Nf8 34. Ne1 Ng6
35. Kh3 Nf8 36. Ng2 Ne6 37. Ne1 Nf8 38. Ng2 Ne6 39. Ne1 1/2-1/2

[Event "40th Olympiad Open"]
[Site "Istanbul TUR"]
[Date "2012.08.30"]
[Round "3.66"]
[Board "1"]
[White "Gohil, Mehul"]
[Black "Kulpruethanon, Thanadon"]
[Result "1/2-1/2"]
[WhiteElo "2072"]
[BlackElo "2068"]
[WhiteTeam "Kenya"]
[BlackTeam "Thailand"]
[WhiteFideId "10800999"]
[BlackFideId "6201610"]
[EventDate "2012.08.28"]

1. d4 Nf6 2. c4 e6 3. Nf3 d5 4. Nc3 c6 5. cxd5 exd5 6. Bg5 Be7 7. Qc2 O-O 8. e3
Ne4 9. Bxe7 Qxe7 10. Bd3 f5 11. O-O Nd7 12. Rfe1 Rf6 13. Nd2 Nf8 14. f3 Nxd2 15.
Qxd2 Be6 16. Rad1 Rd8 17. b4 Rh6 18. Qc2 Qxb4 19. Rb1 Qd6 20. h3 Qd7 21. Ne2 Rf6
22. Nf4 Bf7 23. g4 fxg4 24. fxg4 g5 25. Bf5 Rxf5 26. gxf5 gxf4 27. exf4 b6 28.
Qg2+ Kh8 29. Re5 Qd6 30. Qg5 h6 31. Qh4 Nh7 32. Qe7 Kg7 33. Qxa7 Rd7 34. Qxb6
Qa3 35. Qb3 Qxb3 36. Rxb3 Ra7 37. Rb6 Nf6 38. Rxc6 Ne4 39. Rc2 Kf6 40. Rb2 Rc7
41. a4 Ra7 42. Rb6+ Kg7 43. Rb4 Rc7 44. Rb2 Rc1+ 45. Kg2 Ra1 46. Rb7 Ra2+ 47.
Kf1 Kf6 48. Rb6+ Kg7 49. Rb7 Kf6 50. Rb6+ Kg7 51. f6+ Kg6 52. h4 Nd2+ 53. Ke1
Nf3+ 54. Kd1 Nxe5 55. fxe5 Rxa4 56. e6 Rxd4+ 57. Kc1 Bxe6 58. Rxe6 Rxh4 59. Rd6
Rf4 60. f7+ Kg7 61. Rxd5 Rxf7 62. Kd2 Kg6 63. Ke2 h5 64. Rd3 1/2-1/2

[Event "40th Olympiad Open"]
[Site "Istanbul TUR"]
[Date "2012.08.30"]
[Round "3.66"]
[Board "2"]
[White "Kananub, Warot"]
[Black "Atwoli, Joseph"]
[Result "1-0"]
[WhiteElo "2139"]
[BlackElo "2065"]
[WhiteTeam "Thailand"]
[BlackTeam "Kenya"]
[WhiteFideId "6201601"]
[BlackFideId "10800816"]
[EventDate "2012.08.28"]

1. d4 d5 2. c4 e5 3. dxe5 d4 4. Nf3 Nc6 5. Nbd2 Nge7 6. a3 Ng6 7. Nb3 Ngxe5 8.
Nxe5 Nxe5 9. Nxd4 c5 10. Nb5 a6 11. Qxd8+ Kxd8 12. Bf4 axb5 13. Bxe5 bxc4 14. e3
Be6 15. Be2 f6 16. Bg3 b5 17. O-O Be7 18. Rfc1 Kd7 19. a4 Bd6 20. Rd1 Ra6 21.
Bxd6 Rxd6 22. axb5 Rxd1+ 23. Rxd1+ Kc7 24. b6+ Kc8 25. Bf3 Re8 26. Bc6 Re7 27.
Ra1 Rb7 28. Bxb7+ Kxb7 29. Rd1 Bf5 30. Rd5 Bd3 31. Rxc5 Kxb6 32. Rc8 Kb5 33. f3
Kb4 34. Rb8+ Kc5 35. Kf2 Kd5 36. Rd8+ Kc5 37. Ke1 Kb4 38. Rb8+ Kc5 39. Kd2 Bf1
40. g3 Kd5 41. Rb7 g5 42. Rxh7 Ke5 43. h4 gxh4 44. Rxh4 Kf5 45. Kc3 Be2 46. Rxc4
Ke6 1-0

[Event "40th Olympiad Open"]
[Site "Istanbul TUR"]
[Date "2012.08.30"]
[Round "3.66"]
[Board "3"]
[White "Gateri, Martin"]
[Black "Pitirotjirathon, Jirapak"]
[Result "0-1"]
[WhiteTitle "FM"]
[BlackTitle "FM"]
[WhiteElo "2082"]
[BlackElo "2270"]
[WhiteTeam "Kenya"]
[BlackTeam "Thailand"]
[WhiteFideId "10800174"]
[BlackFideId "6200206"]
[EventDate "2012.08.28"]

1. Nf3 d5 2. d4 Nf6 3. g3 c6 4. Bg2 Bg4 5. h3 Bh5 6. g4 Bg6 7. Ne5 Nbd7 8. Nxg6
hxg6 9. Bf4 Qb6 10. b3 e6 11. O-O c5 12. e3 Bd6 13. Bxd6 Qxd6 14. Nd2 cxd4 15.
exd4 Qf4 16. Nf3 Rc8 17. Qc1 Qxc1 18. Rfxc1 Rc3 19. a4 Ke7 20. Ne1 Ne4 21. f3
Ng5 22. Kh2 f5 23. Kg3 fxg4 24. hxg4 Ne4+ 0-1

[Event "40th Olympiad Open"]
[Site "Istanbul TUR"]
[Date "2012.08.30"]
[Round "3.66"]
[Board "4"]
[White "Kongsee, Uaychai"]
[Black "Magana, Ben"]
[Result "1/2-1/2"]
[WhiteElo "2273"]
[BlackElo "2032"]
[WhiteTeam "Thailand"]
[BlackTeam "Kenya"]
[WhiteFideId "6200346"]
[BlackFideId "10800166"]
[EventDate "2012.08.28"]

1. e4 e5 2. Nf3 Nc6 3. d4 exd4 4. Bc4 Nf6 5. e5 d5 6. Bb5 Ne4 7. Nxd4 Bc5 8. Be3
Bd7 9. Bxc6 bxc6 10. O-O Qe7 11. f3 Nd6 12. f4 O-O 13. Re1 Nc4 14. Bc1 f6 15. b3
Bg4 16. Qd3 Bf5 17. Qc3 Nxe5 18. Be3 Bd7 19. Nxc6 Bxe3+ 20. Rxe3 Bxc6 21. fxe5
Qe6 22. exf6 Qxf6 23. Qxf6 Rxf6 24. Nd2 d4 25. Re7 Raf8 26. Rf1 Rxf1+ 27. Nxf1
Rf7 28. Re5 Rd7 29. Nd2 Rd5 30. Rxd5 Bxd5 31. Kf2 Kf7 32. g3 Ke6 33. Ke2 Bb7 34.
Kd3 Kd5 35. Nf3 Ba6+ 36. Kd2 h6 37. Nh4 Ke4 38. Ng6 Kf3 39. Ne7 Kg2 40. Nf5 Kxh2
41. Nxg7 Bc8 42. Kd3 Kxg3 43. Kxd4 Bd7 44. Ke5 Kg4 45. Kf6 h5 46. Nxh5 Kxh5 47.
Ke7 Bf5 48. Kd8 Bxc2 49. Kxc7 a6 50. Kb6 Bd3 51. a4 Kg5 1/2-1/2

[Event "40th Olympiad Open"]
[Site "Istanbul TUR"]
[Date "2012.08.30"]
[Round "3.67"]
[Board "1"]
[White "Quinonez Centeno, Carlos David"]
[Black "Kamara, Ansumana"]
[Result "1-0"]
[WhiteTitle "FM"]
[WhiteElo "2293"]
[BlackElo "2086"]
[WhiteTeam "Guatemala"]
[BlackTeam "Sierra Leone"]
[WhiteFideId "7300530"]
[BlackFideId "1622218"]
[EventDate "2012.08.28"]

1. d4 Nf6 2. Nf3 g6 3. c4 Bg7 4. Nc3 d6 5. e4 O-O 6. Be2 c5 7. O-O cxd4 8. Nxd4
Nc6 9. Nc2 a6 10. Be3 b6 11. f3 Bb7 12. Qd2 Nd7 13. Rfd1 Re8 14. Rac1 Rb8 15.
Bf1 Ba8 16. Na3 Qc8 17. Nd5 Nd8 18. Nb1 Ne6 19. Nbc3 Bc6 20. Qf2 Qd8 21. Kh1 a5
22. b3 Nec5 23. Qh4 e6 24. Qxd8 Rbxd8 25. Nc7 Nf6 26. Nxe8 Nxe8 27. Bg5 Rd7 28.
Ne2 e5 29. Be3 Kf8 30. Nc3 h6 31. Kg1 f5 32. Bd3 f4 33. Bf2 Nc7 34. Nd5 Na8 35.
Be2 Rb7 36. Nxb6 Rxb6 37. Rxd6 Nb7 38. Bxb6 Nxd6 39. Bc5 Ke7 40. Rd1 Kf7 41.
Rxd6 Be8 42. Ra6 Nc7 43. Ra7 1-0

[Event "40th Olympiad Open"]
[Site "Istanbul TUR"]
[Date "2012.08.30"]
[Round "3.67"]
[Board "2"]
[White "Winston Gerald, Mansfield Thomas"]
[Black "Juarez Flores, Carlos A."]
[Result "0-1"]
[BlackTitle "IM"]
[WhiteElo "1907"]
[BlackElo "2349"]
[WhiteTeam "Sierra Leone"]
[BlackTeam "Guatemala"]
[WhiteFideId "17800048"]
[BlackFideId "7300018"]
[EventDate "2012.08.28"]

1. d4 d5 2. c4 c6 3. Nc3 Nf6 4. e3 g6 5. Nf3 Bg7 6. Bd3 O-O 7. O-O a6 8. h3 b5
9. cxb5 cxb5 10. Qb3 Nc6 11. Rd1 Qd6 12. a3 Be6 13. Qc2 Na5 14. Qe2 Rfc8 15. Ng5
Bf5 16. Bxf5 gxf5 17. f4 h6 18. Nf3 Ne4 19. Nxe4 dxe4 20. Ne5 Nb3 21. Rb1 Qd5
22. Qh5 Rc2 23. Qxf5 Rac8 24. Bd2 f6 25. Ng6 Qxf5 26. Nxe7+ Kh7 27. Nxf5 Nxd2
28. Ra1 Bf8 29. b4 Kg6 30. Nh4+ Kf7 31. a4 Bxb4 32. axb5 axb5 33. Ra7+ R8c7 34.
Rxc7+ Rxc7 35. Nf5 Ke6 36. g4 Rc2 37. Ra1 Nf3+ 38. Kf1 Be1 39. Ra6+ Kd7 40. Ra7+
Kd8 41. Ra8+ Kc7 42. Rc8+ Kxc8 43. Nd6+ Kd7 44. Nxe4 Kc6 45. f5 Kd5 46. Nxf6+
Kc4 47. Ne4 Kd3 48. f6 Kxe4 49. f7 Rf2# 0-1

[Event "40th Olympiad Open"]
[Site "Istanbul TUR"]
[Date "2012.08.30"]
[Round "3.68"]
[Board "1"]
[White "Baules, Jorge"]
[Black "Tarlabasi, Emirhan"]
[Result "1-0"]
[WhiteTitle "IM"]
[WhiteElo "2352"]
[BlackElo "1740"]
[WhiteTeam "Panama"]
[BlackTeam "Turkey 2023"]
[WhiteFideId "6600247"]
[BlackFideId "6350275"]
[EventDate "2012.08.28"]

1. d4 d5 2. Nf3 Nf6 3. Bg5 e6 4. Nbd2 Be7 5. e3 O-O 6. Bd3 b6 7. O-O Bb7 8. Bxf6
Bxf6 9. Qe2 c5 10. c3 Nd7 11. Rad1 Rc8 12. e4 cxd4 13. cxd4 dxe4 14. Nxe4 Be7
15. Rfe1 h6 16. a3 Nf6 17. Ng3 a5 18. Bb1 Bd5 19. Ne5 Bb3 20. Rd2 Qc7 21. Bd3
Rfd8 22. Ba6 Ra8 23. Bb5 Rd6 24. Rd3 Qc2 25. Nc6 Bf8 26. Rd2 Qh7 27. Ne5 Rc8 28.
Ba6 Rc7 29. Bd3 g6 30. Qf3 Qg7 31. Bxg6 Bd5 32. Ne4 Bxe4 33. Bxe4 Nxe4 34. Qxe4
Qh7 35. Qf4 Be7 36. Ng4 Kg7 37. Nf6 Qh8 38. Rd3 Kf8 39. Ne4 Rdd7 40. Red1 Rc8
41. Nc3 Bg5 42. Qe4 Kg8 43. h4 Bf6 44. Na4 Bd8 45. d5 e5 46. Qg4+ 1-0

[Event "40th Olympiad Open"]
[Site "Istanbul TUR"]
[Date "2012.08.30"]
[Round "3.68"]
[Board "2"]
[White "Ozenir, Ekin Baris"]
[Black "Arosemena, Jorge Luis"]
[Result "1/2-1/2"]
[BlackTitle "FM"]
[WhiteElo "1542"]
[BlackElo "2092"]
[WhiteTeam "Turkey 2023"]
[BlackTeam "Panama"]
[WhiteFideId "6357415"]
[BlackFideId "6600140"]
[EventDate "2012.08.28"]

1. d4 Nf6 2. g3 c5 3. Nf3 cxd4 4. Nxd4 Nc6 5. Bg2 e6 6. O-O Be7 7. c4 O-O 8. Nc3
a6 9. e4 Qc7 10. Be3 Ne5 11. b3 d6 12. h3 Re8 13. Rc1 Bf8 14. f4 Nc6 15. Nf3 Bd7
16. Qd2 Rac8 17. Kh2 Qa5 18. e5 dxe5 19. fxe5 Nxe5 20. Nxe5 Qxe5 21. Bd4 Qc7 22.
Bxf6 gxf6 23. Ne4 Be7 24. Nxf6+ Bxf6 25. Rxf6 Qe5 26. Rcf1 Re7 27. Rxf7 Rxf7 28.
Rxf7 Bc6 29. Rf4 h5 30. Bxc6 bxc6 31. Qd3 Rc7 32. Qd8+ Kh7 33. Qd3+ Kg8 34. Rd4
Rf7 35. Qg6+ Kf8 36. Rd8+ Ke7 37. Rd7+ Kxd7 38. Qxf7+ Kd8 39. Qf8+ 1/2-1/2

[Event "40th Olympiad Open"]
[Site "Istanbul TUR"]
[Date "2012.08.30"]
[Round "3.69"]
[Board "3"]
[White "Li, Hui"]
[Black "Murara, Maxence"]
[Result "0-1"]
[WhiteElo "1958"]
[BlackElo "1712"]
[WhiteTeam "Macau"]
[BlackTeam "Rwanda"]
[WhiteFideId "15400310"]
[BlackFideId "16000013"]
[EventDate "2012.08.28"]

1. e4 e6 2. d4 d6 3. c4 Nd7 4. Nf3 Ngf6 5. Nc3 Be7 6. Be2 c5 7. d5 O-O 8. O-O a6
9. Bf4 h6 10. dxe6 fxe6 11. Bxd6 b6 12. Re1 Nh7 13. Bf1 Bb7 14. Qd2 Rxf3 15.
gxf3 Ne5 16. Qe3 Bxd6 17. f4 Nc6 18. Bg2 Nd4 19. Rac1 Qh4 20. e5 Bxg2 21. Kxg2
Be7 22. Qg3 Rf8 23. Qxh4 Bxh4 24. Ne2 Nxe2 25. Rxe2 Rxf4 26. Rd1 Ng5 27. Rd6
Rg4+ 28. Kf1 Nf3 29. Re3 Rg1+ 30. Ke2 Nd4+ 31. Kd3 Bxf2 32. Rh3 Rd1+ 33. Ke4
Re1+ 34. Kf4 g5+ 35. Kg4 Kg7 36. Kh5 Rxe5 37. Rd7+ Kf6 38. Kxh6 Bh4 39. Kh7 Re2
40. Ra7 a5 41. b3 Rxa2 42. Rb7 a4 43. bxa4 Rxa4 44. Rxb6 Rxc4 45. Ra3 Nf5 46.
Raa6 Re4 47. Rc6 Bf2 48. Kg8 Ne7+ 49. Kf8 Nxc6 50. Rxc6 Rh4 51. Ke8 Rxh2 52. Kd7
Rh7+ 53. Kd6 g4 54. Rc8 g3 0-1

[Event "40th Olympiad Open"]
[Site "Istanbul TUR"]
[Date "2012.08.30"]
[Round "3.70"]
[Board "1"]
[White "Tsang, Hon Ki"]
[Black "Efimov, Igor"]
[Result "0-1"]
[BlackTitle "GM"]
[WhiteElo "2084"]
[BlackElo "2416"]
[WhiteTeam "Hong Kong"]
[BlackTeam "Monaco"]
[WhiteFideId "6000185"]
[BlackFideId "806404"]
[EventDate "2012.08.28"]

1. c4 e6 2. Nc3 d5 3. d4 Nf6 4. Nf3 Be7 5. g3 Nbd7 6. Bg2 dxc4 7. O-O c6 8. a4
a5 9. e4 O-O 10. Qe2 b6 11. Nd2 Ba6 12. Rd1 Re8 13. e5 Nd5 14. Nxc4 Rc8 15. Bf1
Nxc3 16. bxc3 Bxc4 17. Qxc4 Nxe5 18. Qe2 Nd7 19. Bf4 Bg5 20. Bd6 Nf6 21. Ba3 Nd5
22. Qf3 Qf6 23. Qd3 Red8 24. h4 Bh6 25. Rab1 c5 26. dxc5 Nxc3 27. Qxd8+ Rxd8 28.
Rxd8+ Qxd8 29. Rxb6 g6 30. Rb7 Bf8 31. c6 Qc8 32. Bxf8 Kxf8 33. Bb5 Nd5 34. Ra7
Nc7 35. Rxa5 Qb8 36. Bf1 Qb6 37. Re5 Qxc6 38. a5 Qc3 39. Re3 Qxa5 40. Bg2 Nd5
41. Rd3 Qe1+ 42. Bf1 h6 43. Kg2 g5 44. Rd4 Kg7 45. Kg1 Nc3 0-1

[Event "40th Olympiad Open"]
[Site "Istanbul TUR"]
[Date "2012.08.30"]
[Round "3.70"]
[Board "2"]
[White "Villegas, Pierre"]
[Black "Qian, Kun Arthas"]
[Result "0-1"]
[WhiteElo "2249"]
[BlackElo "1983"]
[WhiteTeam "Monaco"]
[BlackTeam "Hong Kong"]
[WhiteFideId "654183"]
[BlackFideId "6001556"]
[EventDate "2012.08.28"]

1. d4 d5 2. Bf4 Nf6 3. e3 c6 4. Bd3 e6 5. Nf3 Be7 6. Nbd2 Nbd7 7. Ne5 Nxe5 8.
dxe5 Nd7 9. Qg4 g5 10. h4 h5 11. Qg3 gxf4 12. Qg7 Rf8 13. exf4 Bc5 14. g4 Qb6
15. O-O-O Qb4 16. Qh6 b5 17. c3 Qa4 18. Kb1 b4 19. c4 hxg4 20. cxd5 cxd5 21. Nb3
Ba6 22. Bxa6 Qxa6 23. Rxd5 Qc4 24. Rdd1 Bxf2 25. Ka1 Qe4 26. Qg5 Qf5 27. Qg7 Ke7
28. Na5 Qg6 29. Nc6+ Ke8 30. Qxg6 fxg6 31. h5 gxh5 32. Rxh5 Rc8 33. Rd6 Rxc6 34.
Rxc6 g3 35. Rh7 Rf7 36. Rxe6+ Kf8 37. Rh8+ Kg7 38. Rh4 Kg8 39. Rg6+ Rg7 40.
Rxg7+ Kxg7 41. Rg4+ Kf7 42. Kb1 Ke6 43. Rg5 Nb6 44. Kc2 Nd5 45. Kb3 Nxf4 46.
Kxb4 g2 47. Ka5 g1=Q 48. Rxg1 Bxg1 49. b4 Kxe5 50. a4 Kd5 51. Ka6 Ne6 52. a5
Nc7+ 53. Kb7 Nb5 54. Ka6 Ke5 0-1

[Event "40th Olympiad Open"]
[Site "Istanbul TUR"]
[Date "2012.08.30"]
[Round "3.70"]
[Board "3"]
[White "Scott, Ian"]
[Black "Van Hoolandt, Patrick"]
[Result "0-1"]
[BlackTitle "FM"]
[WhiteElo "1725"]
[BlackElo "2171"]
[WhiteTeam "Hong Kong"]
[BlackTeam "Monaco"]
[WhiteFideId "6000878"]
[BlackFideId "200999"]
[EventDate "2012.08.28"]

1. e4 e5 2. Nf3 Nc6 3. Bc4 Bc5 4. c3 Nf6 5. d3 a6 6. Bb3 Ba7 7. h3 h6 8. Nbd2 d6
9. Nf1 d5 10. Qe2 d4 11. Ng3 Qd6 12. Nh4 Ne7 13. Bd2 Be6 14. Nhf5 Nxf5 15. Nxf5
Bxf5 16. exf5 O-O 17. O-O-O Rfe8 18. Qf3 dxc3 19. bxc3 a5 20. Kb2 b5 21. Qg3 a4
22. Bc2 Nd5 23. Rhe1 b4 24. cxb4 Bd4+ 25. Kc1 Nxb4 26. Bxb4 Qxb4 27. Re4 Bb2+
28. Kb1 Bd4+ 29. Kc1 Qb2+ 30. Kd2 Qc3+ 31. Ke2 Qxc2+ 32. Rd2 Qc6 33. Qh4 Qf6 34.
Qg4 Rab8 35. Qf3 a3 36. Rg4 Rb2 37. Kd1 Reb8 38. Qe2 0-1

[Event "40th Olympiad Open"]
[Site "Istanbul TUR"]
[Date "2012.08.30"]
[Round "3.70"]
[Board "4"]
[White "Nelis, Jean-Francois"]
[Black "Chan, Chak Man"]
[Result "1/2-1/2"]
[WhiteElo "2207"]
[BlackElo "1818"]
[WhiteTeam "Monaco"]
[BlackTeam "Hong Kong"]
[WhiteFideId "623830"]
[BlackFideId "6001300"]
[EventDate "2012.08.28"]

1. d4 Nf6 2. Nf3 g6 3. Nc3 Bg7 4. e4 d6 5. h3 c6 6. a4 Nbd7 7. e5 Nd5 8. Nxd5
cxd5 9. exd6 exd6 10. Qe2+ Qe7 11. Bf4 Bf8 12. O-O-O Qxe2 13. Bxe2 f6 14. Rhe1
Kd8 15. Nd2 a5 16. Bf3 Nb6 17. b3 g5 18. Be3 Bd7 19. Nb1 Rc8 20. Kb2 h5 21. Bd2
Ra8 22. Nc3 Bc6 23. Re6 Be8 24. Rde1 Kd7 25. Nb5 Rg8 26. Bxa5 g4 27. hxg4 hxg4
28. Bd1 Nc8 29. b4 Bh5 30. Nc3 Rg5 31. Rxf6 Bg7 32. Rf4 b6 33. Rh1 Kd8 34. Bxb6+
Nxb6 35. Kb3 Nc4 36. Rh4 Nd2+ 37. Ka2 Ne4 38. Nxe4 dxe4 39. c3 Ra7 40. Kb3 Bf7+
41. Ka3 g3 42. f3 exf3 43. Bxf3 Be6 44. Bc6 Bc4 45. Rfg4 Rf5 46. Bf3 Bf8 47. d5
Bxd5 48. Bxd5 Rxd5 49. Rxg3 Rf5 50. Rf3 Raf7 51. Rhh3 Bg7 52. Kb3 d5 53. c4
dxc4+ 54. Kxc4 Rc7+ 55. Kb3 Re5 56. Rd3+ Kc8 57. Rc3 Re2 58. Rxc7+ Kxc7 59. Rg3
Be5 60. Rg4 Kc6 61. Rc4+ Kd5 62. Rc2 Re3+ 63. Ka2 Rg3 64. a5 Bd6 65. Rd2+ Kc6
66. b5+ Kxb5 67. Rxd6 Rxg2+ 68. Kb3 1/2-1/2

[Event "40th Olympiad Open"]
[Site "Istanbul TUR"]
[Date "2012.08.30"]
[Round "3.71"]
[Board "3"]
[White "Volpinari, Danilo"]
[Black "Arias, Daniel"]
[Result "0-1"]
[WhiteTitle "CM"]
[WhiteElo "2025"]
[BlackElo "2081"]
[WhiteTeam "San Marino"]
[BlackTeam "El Salvador"]
[WhiteFideId "11800054"]
[BlackFideId "6700640"]
[EventDate "2012.08.28"]

1. d4 Nf6 2. Nf3 g6 3. c4 Bg7 4. g3 O-O 5. Bg2 d6 6. O-O Nc6 7. d5 Na5 8. Qa4 c5
9. dxc6 Nxc6 10. Nc3 Bd7 11. Qd1 Rc8 12. Bd2 h6 13. Rc1 Be6 14. b3 Qd7 15. Re1
Rfd8 16. e4 Bg4 17. Be3 Bh3 18. Nd4 Bxg2 19. Kxg2 Ne5 20. f3 Nh7 21. Qd2 Ng5 22.
Qe2 Qh3+ 23. Kh1 Nh7 24. Nd5 Qd7 25. Nb5 e6 26. Ndc3 b6 27. Red1 Qe7 28. Kg2 Nc6
29. Qf2 Nf6 30. Rd2 Rd7 31. Rcd1 Rcd8 32. h3 Ne8 33. Nd4 Nb8 34. Ndb5 Rc8 35.
Nd4 Bf8 36. Ndb5 a6 37. Nd4 b5 38. Ncxb5 axb5 39. Nxb5 Na6 40. Na7 Rcc7 41. Nb5
Rb7 42. Bf4 Qd8 43. h4 e5 44. Be3 f5 45. Nc3 Nf6 46. exf5 gxf5 47. Nd5 Nxd5 48.
Rxd5 Nc7 49. R5d2 Ne6 50. Rb1 Qf6 51. Rbd1 Rg7 52. Bb6 Qxh4 53. Rh1 Nf4+ 0-1

[Event "40th Olympiad Open"]
[Site "Istanbul TUR"]
[Date "2012.08.30"]
[Round "3.71"]
[Board "4"]
[White "Chavez, Hector Eduardo"]
[Black "Grassi, Enrico"]
[Result "1/2-1/2"]
[BlackTitle "CM"]
[WhiteElo "2153"]
[BlackElo "2027"]
[WhiteTeam "El Salvador"]
[BlackTeam "San Marino"]
[WhiteFideId "6700160"]
[BlackFideId "11800046"]
[EventDate "2012.08.28"]

1. e4 d5 2. exd5 Qxd5 3. Nc3 Qa5 4. d4 Nf6 5. Bc4 Bf5 6. Ne2 e6 7. O-O c6 8. Ng3
Bg6 9. f4 Bd6 10. f5 Bxg3 11. fxg6 Bxh2+ 12. Kxh2 hxg6+ 13. Kg1 Nbd7 14. a3
O-O-O 15. b4 Qc7 16. Bf4 e5 17. dxe5 Qb6+ 18. Rf2 Nxe5 19. Qe2 Nxc4 20. Qxc4
Rh1+ 21. Kxh1 Qxf2 22. Bh2 Rh8 23. Ne2 Rh4 24. Qc5 Qxc5 25. bxc5 Ng4 26. Kg1
Rxh2 27. Ng3 f5 28. Re1 Kd7 29. Rd1+ Ke7 30. Rb1 Ke6 31. Rxb7 Kd5 32. Rxg7 Rh8
33. Rxg6 Re8 34. Kf1 Nh2+ 35. Kf2 Ng4+ 1/2-1/2

[Event "40th Olympiad Open"]
[Site "Istanbul TUR"]
[Date "2012.08.30"]
[Round "3.72"]
[Board "2"]
[White "Anquandah, Francis Eric"]
[Black "Mensing, Fabio"]
[Result "1/2-1/2"]
[WhiteElo "1992"]
[BlackElo "2088"]
[WhiteTeam "Ghana"]
[BlackTeam "Netherlands Antilles"]
[WhiteFideId "12600148"]
[BlackFideId "7500149"]
[EventDate "2012.08.28"]

1. e4 e5 2. Nf3 Nc6 3. Bc4 Nf6 4. d3 Be7 5. O-O O-O 6. a3 d6 7. h3 h6 8. Nc3 Be6
9. Ba2 Bxa2 10. Rxa2 d5 11. exd5 Nxd5 12. Re1 Nxc3 13. bxc3 Bf6 14. Qe2 Re8 15.
Qe4 Qd7 16. Rb2 b6 17. Rb5 Rad8 18. c4 Re6 19. Rd5 Qe7 20. Rxd8+ Qxd8 21. c3 Na5
22. Be3 c6 23. Rd1 Qe7 24. c5 Qc7 25. cxb6 axb6 26. Rb1 c5 27. Rb5 Nb7 28. Rb1
Nd6 29. Qa8+ Kh7 30. Nd2 e4 31. d4 cxd4 32. cxd4 Bg5 33. d5 Bxe3 34. fxe3 Rg6
35. Qc6 Qe7 36. Qc2 Qg5 37. Nxe4 Qxe3+ 38. Nf2 b5 39. Qd3 Qg5 40. Qf3 Rf6 41.
Ne4 Nxe4 42. Qxe4+ g6 43. Qd3 Qf4 44. Rd1 Qd6 45. Qxb5 Qxa3 46. Qd3 Qd6 47. Rd2
h5 48. Rd1 Kg7 49. Qd4 Kf8 50. Rc1 Qb6 51. Rc5 h4 52. Kh2 Qd6+ 53. Kg1 Qb6 54.
Kh2 Qd6+ 1/2-1/2

[Event "40th Olympiad Open"]
[Site "Istanbul TUR"]
[Date "2012.08.30"]
[Round "3.72"]
[Board "4"]
[White "Thompson, Edward Nii Lamptey"]
[Black "Hodgson, Norman"]
[Result "0-1"]
[WhiteElo "1834"]
[BlackElo "1824"]
[WhiteTeam "Ghana"]
[BlackTeam "Netherlands Antilles"]
[WhiteFideId "12600113"]
[BlackFideId "7500033"]
[EventDate "2012.08.28"]

1. e4 g6 2. d4 Bg7 3. c4 d6 4. Nc3 Nc6 5. Be3 e6 6. Nf3 Nge7 7. Be2 O-O 8. O-O
f5 9. Qd2 fxe4 10. Nxe4 Nf5 11. Bg5 Qe8 12. Be3 Bd7 13. Nc3 a6 14. d5 Nxe3 15.
fxe3 Ne7 16. e4 e5 17. b4 Rd8 18. Rab1 c6 19. Rf2 cxd5 20. cxd5 b5 21. a4 Rc8
22. axb5 axb5 23. Qd3 Rb8 24. Ra1 Nc8 25. Ra5 Bh6 26. Rf1 Qe7 27. Nxb5 Bxb5 28.
Rxb5 Qa7+ 29. Kh1 Nb6 30. Ra5 Qc7 31. Raa1 Ra8 32. Qb3 Qb7 33. Bb5 Rxa1 34. Rxa1
Ra8 35. Rb1 Qc7 36. Bc6 Rb8 37. b5 Nd7 38. Ra1 Nc5 39. Qc4 Qb6 40. g3 Qc7 41.
Kg2 Qf7 42. Rb1 Qa7 43. Rb2 Qa3 44. Ra2 Qe3 45. Re2 Qa3 46. Qc2 Rf8 47. Ne1 Qb4
48. Qb2 Qc4 49. b6 Nxe4 50. Rc2 Qf1# 0-1

[Event "40th Olympiad Open"]
[Site "Istanbul TUR"]
[Date "2012.08.30"]
[Round "3.73"]
[Board "1"]
[White "Rosenbeiger, Alan"]
[Black "Sanon, Mondoly"]
[Result "1-0"]
[WhiteElo "2151"]
[BlackElo "2088"]
[WhiteTeam "Jersey"]
[BlackTeam "Haiti"]
[WhiteFideId "1109448"]
[BlackFideId "11900059"]
[EventDate "2012.08.28"]

1. d4 d5 2. c4 e6 3. Nc3 Nc6 4. Nf3 Nf6 5. Bg5 Be7 6. e3 h6 7. Bf4 dxc4 8. Bxc4
a6 9. Rc1 Nh5 10. Bg3 Nxg3 11. hxg3 Na5 12. Bd3 Bd7 13. Ne5 Nc6 14. Qg4 Nxe5 15.
dxe5 Bf8 16. Be4 c6 17. O-O h5 18. Qf3 Qa5 19. Rfd1 Rd8 20. Qf4 Be7 21. Bf3 g5
22. Qe4 h4 23. g4 Bb4 24. a3 Bxc3 25. Rxc3 Ke7 26. Rcd3 Qb6 27. b4 a5 28. Rd6
axb4 29. axb4 Qc7 30. Qd4 b6 31. Rc1 Rhg8 32. Bxc6 Bxc6 33. Rcxc6 Qxc6 34. Rxc6
Rxd4 35. exd4 Rd8 36. Rxb6 Rxd4 37. Rb7+ Kd8 38. Rxf7 Rxb4 39. Rg7 Rxg4 40. Kh2
Rf4 41. Rxg5 Rxf2 42. Kh3 Rf4 43. Rg4 Rf5 44. Re4 Rh5 45. Kg4 Rh8 46. Re2 Ke7
47. Ra2 Rg8+ 48. Kxh4 Rh8+ 49. Kg4 Rf8 50. Ra7+ Ke8 51. Ra8+ Kf7 52. Rxf8+ Kxf8
53. Kh5 Kg7 54. Kg5 Kf7 55. Kh6 1-0

[Event "40th Olympiad Open"]
[Site "Istanbul TUR"]
[Date "2012.08.30"]
[Round "3.73"]
[Board "2"]
[White "Lebrun, Piersont"]
[Black "Kahn, Tito"]
[Result "1-0"]
[WhiteTitle "CM"]
[WhiteElo "1973"]
[BlackElo "2049"]
[WhiteTeam "Haiti"]
[BlackTeam "Jersey"]
[WhiteFideId "11900083"]
[BlackFideId "15600084"]
[EventDate "2012.08.28"]

1. d4 Nf6 2. Nf3 g6 3. c4 Bg7 4. Nc3 d5 5. e3 O-O 6. Qb3 c6 7. Bd3 e6 8. O-O
Nbd7 9. a4 dxc4 10. Bxc4 Nb6 11. Be2 Nbd5 12. Rd1 Qb6 13. Qc2 Nb4 14. Qb1 a5 15.
b3 Rd8 16. Bb2 Bd7 17. Ne5 Rac8 18. Ne4 Nxe4 19. Qxe4 Be8 20. Bc4 Nd5 21. Qh4
Qc7 22. Rac1 Qe7 23. Qg3 b5 24. axb5 cxb5 25. Bf1 Qb4 26. e4 Nf6 27. Qe3 a4 28.
f3 a3 29. Ba1 Qa5 30. g4 Qb6 31. b4 Nd7 32. Rxc8 Rxc8 33. Nxd7 Bxd7 34. Qxa3 Rd8
35. Qa5 Qb7 36. Qxd8+ 1-0